BSOP header

James Hudson Taylor, M.R.C.P.{ch} / (Record no. 26169)

MARC details
000 -LEADER
fixed length control field 00491nam a2200145 4500
008 - FIXED-LENGTH DATA ELEMENTS--GENERAL INFORMATION
fixed length control field 060306s1960 -hk chi
090 ## - LOCALLY ASSIGNED LC-TYPE CALL NUMBER (OCLC); LOCAL CALL NUMBER (OCLC)
Classification number (OCLC) (R) ; Classification number, CALL (RLIN) (NR) BV3427.T3
Local cutter number (OCLC) ; Book number/undivided call number, CALL (RLIN) T21j
100 1# - MAIN ENTRY--PERSONAL NAME
Personal name Taylor, James Hudson
245 10 - TITLE STATEMENT
Title James Hudson Taylor, M.R.C.P.{ch} /
Statement of responsibility, etc James Hudson Taylor.
260 ## - PUBLICATION, DISTRIBUTION, ETC. (IMPRINT)
Place of publication, distribution, etc Hong Kong :
Name of publisher, distributor, etc ,
Date of publication, distribution, etc 1960.
300 ## - PHYSICAL DESCRIPTION
Extent 107 p.
600 14 - SUBJECT ADDED ENTRY--PERSONAL NAME
Personal name Taylor, James Hudson, 1832-1905 {ch}.
650 #4 - SUBJECT ADDED ENTRY--TOPICAL TERM
Topical term or geographic name as entry element Missions
Geographic subdivision China {ch}.
951 ## - EQUIVALENCE OR CROSS-REFERENCE-GEOGRAPHIC NAME/AREA NAME [OBSOLETE] [CAN/MARC only]
General subdivision 00032425
951 ## - EQUIVALENCE OR CROSS-REFERENCE-GEOGRAPHIC NAME/AREA NAME [OBSOLETE] [CAN/MARC only]
-- C-7268
-- BV3427.T3/T21j
-- 070613111546671
-- 2000-12-21
-- SP-C CH
Holdings
Withdrawn status Lost status Damaged status Not for loan Home library Current library Shelving location Date acquired Accession number Shelving control number Total Checkouts Full call number Barcode Date last seen Price effective from Koha item type
        BSOP Library BSOP Library Special Collections Chinese 12/21/2000 C-7268 127   BV3427.T3/T21j 00032425 02/23/2013 02/23/2013 Books
BSOP

Biblical Seminary of the Philippines
  All rights Reserved
  © 2024

CONTACT INFORMATION

Biblical Seminary of the Philippines,
  77-B Karuhatan Road, Valenzuela City,
  PHILIPPINES 1441
  Phone: +632 8292-6795 / 8292-6798
  Fax : +632 8292-6675
  Email: library@bsop.edu.ph